Hunger Games Trilogy - Part Three - Statistics

General Stats
  • This quiz has been taken 209 times
  • The average score is 18 of 30
Answer Stats
Hint Answer % Correct
Main character Katniss Everdeen
100%
Hunting friend of the above Gale Hawthorne
97%
Brainwashed District 12 victor Peeta Mellark
97%
President of the Capitol Coriolanus Snow
96%
Drunken mentor Haymitch Abernathy
95%
TV host Caesar Flickerman
89%
President of District 13 Alma Coin
87%
Handsome District 4 victor Finnick Odair
84%
The above's mentally unstable lover and wife Annie Cresta
81%
Character who dies in the bombing of the mansion Primrose
77%
Disabled District 3 victor Beetee
73%
Author of the book Suzanne Collins
70%
District in which main character is shot 2
69%
Avox cameraman Pollux
60%
President of the Capitol leaves this at main character's home White Rose
59%
Former stylist who hides main characters in her cellar Tigris
56%
Name of the cat that 13's President allows to live in the District Buttercup
54%
Second in command to the President Boggs
53%
Game used to help sort out memories Real or Not Real
50%
Building that main characters visit in District 8 A hospital
49%
Rebel leader of District 8 and eventual President Commander Paylor
49%
This is used to brainwash the male District 12 victor Tracker jacker vemon
49%
Cameraman of main protagonist Castor
46%
Childhood friend of above who consoles him Delly Cartwright
44%
Leader of Squad 451 gives this to main character as he's dying The Holo
36%
Nickname of fortress-like mountain in this District The Nut
27%
Esteemed actress who plays the President Julianne Moore
23%
Assistant to the director Messalla
23%
Complete this quote: I thought we'd agreed {never to lie} to each other
17%
Name of this cat's flashlight game Crazy Cat
14%
No matching quizzes found
Score Distribution
Percent of People with Each Score
Percentile by Number Answered
Your Score History
You have not taken this quiz